Normal view
MARC view
- Manzil-e-Maqsood
Entry Personal Name
001 - CONTROL NUMBER
- control field: 20145
003 - CONTROL NUMBER IDENTIFIER
- control field: NUST
005 - DATE AND TIME OF LATEST TRANSACTION
- control field: 20190911051327.0
008 - FIXED-LENGTH DATA ELEMENTS
- fixed length control field: 190911|| aca||aabn | a|a d
040 ## - CATALOGING SOURCE
- Original cataloging agency: NUST
- Transcribing agency: NUST
100 ## - HEADING--PERSONAL NAME
- Personal name: Manzil-e-Maqsood
670 ## - SOURCE DATA FOUND
- Source citation: Work cat.: (NUST): Khan, Amar Ali. 20144, Effects of Technology based Balanced Literacy approach on Early Grade reading Fluency, Comprehension and Engagement /, 2016.
